| 000 -LEADER |
| fixed length control field |
00678nam a2200241Ia 4500 |
| 001 - CONTROL NUMBER |
| control field |
16580 |
| 003 - CONTROL NUMBER IDENTIFIER |
| control field |
GE_BSU |
| 005 - DATE AND TIME OF LATEST TRANSACTION |
| control field |
20250203163813.0 |
| 008 - FIXED-LENGTH DATA ELEMENTS--GENERAL INFORMATION |
| fixed length control field |
181216s2005||||enk|||||||||||||| ||eng|| |
| 020 ## - INTERNATIONAL STANDARD BOOK NUMBER |
| International Standard Book Number |
9781405820097 |
| 040 ## - CATALOGING SOURCE |
| Transcribing agency |
GE_BSU |
| 080 ## - UNIVERSAL DECIMAL CLASSIFICATION NUMBER |
| Universal Decimal Classification number |
811.111(075.8) C-59 |
| 100 ## - MAIN ENTRY--PERSONAL NAME |
| Personal name |
Clare, Antonia, Wilson, J. J. |
| 9 (RLIN) |
24231 |
| 245 ## - TITLE STATEMENT |
| Title |
Total English : Pre-intermediate (with key) (CD) / |
| Statement of responsibility, etc. |
Antonia Clare, J. J. Wilson. |
| 264 ## - PRODUCTION, PUBLICATION, DISTRIBUTION, MANUFACTURE, AND COPYRIGHT NOTICE |
| Place of production, publication, distribution, manufacture |
Harlow : |
| Name of producer, publisher, distributor, manufacturer |
Pearson /Longman |
| Date of production, publication, distribution, manufacture, or copyright notice |
2005. |
| 300 ## - PHYSICAL DESCRIPTION |
| Extent |
96 p. ; |
| Dimensions |
29 cm. |
| 653 ## - INDEX TERM--UNCONTROLLED |
| keyword |
Pre-Intermediate |
| 653 ## - INDEX TERM--UNCONTROLLED |
| keyword |
Total English |
| 653 ## - INDEX TERM--UNCONTROLLED |
| keyword |
Workbook |
| 700 ## - ADDED ENTRY--PERSONAL NAME |
| Personal name |
Wilson, J.J. |
| Titles and other words associated with a name |
author |
| 9 (RLIN) |
24232 |
| 942 ## - ADDED ENTRY ELEMENTS (KOHA) |
| Koha item type |
წიგნი |
| Source of classification or shelving scheme |
|